000 00609nam a2200241Ia 4500
003 OSt
005 20220912152104.0
006 a|||||r|||| 00| 0
007 ta
008 220909b |||||||| |||| 00| 0 eng d
024 _a59547
037 _cTextual
040 _aCSL
_beng
_cCSL
041 _aeng
082 _aI:12.435, J0.1 CS
100 _aVan Steenis C G G J Ed.
245 0 _aFlora malesiana
260 _c1950
300 _ap.
_ccm.
650 _aBiology
942 _hI:12.435, J0.1 CS
_cTEXL
_2CC
999 _c80808
_d80808